Médicos argentinos : durante la dominación hispánica /

Guardado en:
Autor Principal: Fúrlong Cárdiff, Guillermo.
Formato: Libro
Idioma:Spanish
Publicado: Buenos Aires : Huarpes, 1947.
Series:Cultura colonial argentina, 6
Etiquetas: Agregar Etiqueta
Sin Etiquetas, Sea el primero en etiquetar este registro!
LEADER 00506nam a22001575a 4500
001 EUN.um049821
008 041125s1947####ag############000#0#spa#d
005 20071022162017.0
245 1 0 |a Médicos argentinos :  |b durante la dominación hispánica /  |c Guillermo Furlong. 
260 |a Buenos Aires :  |b Huarpes,  |c 1947. 
300 |a 311 p. 
490 0 |a Cultura colonial argentina, 6 
100 1 |a Fúrlong Cárdiff, Guillermo. 
082 0 4 |a 982 
082 0 4 |a 610 
859 |a Ar-BaUNS  |b BIB. CENTRAL - Sector C  |h 982  |i F979  |p 84268/980  |v 6